| 000 | 00804cam a22002052 4500 | ||
|---|---|---|---|
| 001 | 0000025011 | ||
| 005 | 20151021153303.0 | ||
| 008 | 140416s xx 000 0 eng d | ||
| 040 |
_aKABU _cKABU |
||
| 100 | 1 |
_aMwendwa, Wambua Geoffrey. _@0000185380 |
|
| 245 | 1 | 4 |
_aThe Role of the school stake holders in implementation of strategic plans in public secondary schools in Migwani District, Kenya / _cWambua Geoffrey Mwendwa. |
| 250 | _a1st ed. | ||
| 260 |
_aNakuru : _bKabarak University, _c2012. |
||
| 300 |
_axiv, 56 leaves. + _e1 CD-ROM. |
||
| 502 | _aThesis (MBA) - Kabarak University, 2012. | ||
| 650 | 0 |
_aSchool management and organization _zMigwani District, Kenya. _@0000185381 |
|
| 908 | _a140416 | ||
| 950 | _@1 | ||
| 999 |
_c1782 _d1782 |
||